Elogio da Sede (Registo nº 75620)

Detalhes MARC
000 -Etiqueta do registo
campo de controlo de comprimento fixo 00290 a2200121 4500
001 - Identificador do registo
Campo de controlo 75620
005 - Identificador da versão
Campo de controlo 20260303103926.0
010 ## - ISBN
Número (ISBN) 978-989-722-443-0
100 ## - Dados Gerais de Proc.
Dados gerais de processamento 20260303 pory50
200 ## - Título
Título próprio Elogio da Sede
Primeira menção de responsabilidade José Tolentino Mendonça
210 ## - Publicação, Distribuição
Nome do editor, distribuidor, etc. Quetzal
Data da publicação, distribuição, etc. 2018
090 ## - Números de controlo do sistema (Koha)
Número biblioitem do Koha (gerado automaticamente) 75620
942 ## - Elementos de entrada adicionados (Koha)
Tipo de item no Koha Monografias

Não há exemplares disponíveis.